Aktuálne úlohy uplatňovania vedeckej organizácie práce vo vnútornom obchode zborník prác z vedeckého seminára s medzinárodnou účasťou

Saved in:
Bibliographic Details
Format: Book
Language:Slovak
Published: Bratislava VŠE 1988
Tags: Add Tag
No Tags, Be the first to tag this record!

MARC

LEADER 00000nam a2200000 4500
001 c032841
005 20260325125323.4
041 0 |a slo 
044 |a SK 
245 1 0 |a Aktuálne úlohy uplatňovania vedeckej organizácie práce vo vnútornom obchode  |b zborník prác z vedeckého seminára s medzinárodnou účasťou 
264 1 |a Bratislava  |b VŠE  |c 1988 
300 |a 140 s.